ONF Alphabet Song - Statistics

General Stats
  • This quiz has been taken 228 times
    7 since last reset
  • The average score is 18 of 19
Answer Stats
Letter Answer % Correct
A Asteroid / All Day / Alarm / Arrival / Aphrodite / Anti Hero
100%
B Belle Epoque / Beautiful Beautiful / Be Here Now / Bye My Monster / Breath, Haze & Shadow / Broken Map
100%
C Cat's Waltz / Complete / Cactus / Chemical Type / Collab
100%
D Difficult / Dry Ice / Dam Dam Di Ram
100%
G Good Morning / Geppeto / Good Good / Goosebumps / GUCCI / Good Place
100%
I If We Dream / Incomplete / Ice & Fire / I Do / I.T.I.L.U / I Found You In Heaven
100%
L Lights On / Love Arrow / Love Effect
100%
M Moscow Moscow / Message / My Name Is / My Genesis / My Song / Mirage / Moonlight Festa
100%
N No Control / New World / Not a sad song / Night Tale / Nothing but a stranger / New Dawn
100%
P Pretty / Popping / Put It Back
100%
S Sukhumvit Swimming / Secret Triangle / Summer Poem / Summer Shape / Summer End / Show Must Go On / Slave To The Rhythm / Summer Light
100%
T Twinkle Twinkle / The We Must Love / Thermometer / The Realist / Trip Advisor / The Dreamer / Traveler / The Stranger
100%
W What is a love? / We Must Love / Why / Whistle / Wind Effect
100%
Y Your Day / Yayaya / Your Song
100%
F Fly Me To The Moon / Fifty Fifty / Feedback / Fat and Sugar
75%
H Happily Never After
75%
O ON-OFF / Original / On-You
75%
U Ugly Dance
75%
R Reset / Runaway
50%
No matching quizzes found
Score Distribution
Percent of People with Each Score
Percentile by Number Answered
Your Score History
You have not taken this quiz since the last reset